000 00286nam a2200121Ia 4500
008 190216s9999||||xx |||||||||||||| ||und||
100 _aDurgaprasad Shukla
245 0 _aHindi-Rathna Prashnothari
260 _bMegha Prakashan
_c2010
300 _a0.184
650 _aHindi
942 _cBK
999 _c16759
_d16759